Geometry Dash Level Remakes - Statistics

General Stats
  • This quiz has been taken 54 times
  • The average score is 11 of 20
Answer Stats
Remake Original % Correct
Bloodlust Bloodbath
100%
Edge of Destiny Blade of Justice
83%
GRIEF Slaughterhouse
80%
Deimos Phobos
78%
Amethyst The Golden
76%
Auditory Breaker Sonic Wave
73%
AcropoliX Acropolis
71%
Verdant Landscape Windy Landscape
66%
Stalemate Redux Stalemate
63%
Kenos Sakupen Hell
59%
Dark Dimension Black Blizzard
56%
Freedom19 Freedom08
49%
The Golden El Dorado
39%
Silentium Clavas Silent Club
37%
Keres Erebus
32%
Shukketsu kowareta
32%
Solar Flare Solar Circles
32%
Amaterasu Yatagarasu
32%
Anemesis Athanatos
20%
Antares arcturus
15%
No matching quizzes found
Score Distribution
Percent of People with Each Score
Percentile by Number Answered
Your Score History
You have not taken this quiz